00744nam a2200205 a 4500008004100000020001500041050001000056100002300066245003000089260004200119300002400161350000900185500004000194650001600234700003200250700001900282995009400301999001700395952012600412060316s1982 ||||||||||||||||| || u a047108445X aTA147 aSpringer, George S10aPrinciples of engineering aNew York :bJohn Wiley and Sonsc1982 axiii, 558 p. : ill. a0.00 aIncludes bibliographical references aENGINEERING aDuderstadt, James J., 1942- aKnoll, Glenn F D0.00FCBU-MAIN LIBRARY (Kitwe)H1I26.95M1UDAMAGEDZMain Library Open Access Collection c54562d54562 00102lcc4070a001b001cMain Library Open Access Collectiond2022-11-30l0oTA147p013778r2022-11-30w2022-11-30y002